Sports Quiz

Random Sports or Canada Quiz

CFL MVPs Quiz Stats

 Plays Quiz not verified by Sporcle

Challenge
Share
Tweet
Embed
Score 0/59 Timer 07:00
0 Plays Today
Year Player % Correct
1997Doug Flutie
93.6%
1996Doug Flutie
93.6%
1994Doug Flutie
93.6%
1993Doug Flutie
93.6%
1992Doug Flutie
93.6%
1991Doug Flutie
93.6%
2009Anthony Calvillo
79.8%
2008Anthony Calvillo
79.8%
2003Anthony Calvillo
79.8%
1983Warren Moon
78%
2005Damon Allen
67.4%
2010Henry Burris
65.6%
1976Ron Lancaster
60.6%
1970Ron Lancaster
60.6%
1999Danny McManus
59.2%
2000Dave Dickenson
58.7%
2011Travis Lulay
58.4%
2002Milt Stegall
57.3%
2001Khari Jones
56%
1998Mike Pringle
56%
1995Mike Pringle
56%
1969Russ Jackson
55.5%
1966Russ Jackson
55.5%
1963Russ Jackson
55.5%
2007Kerry Joseph
55%
1989Tracy Ham
48.6%
2004Casey Printers
48.2%
1990Mike 'Pinball' Clemons
45%
2006Geroy Simon
42.7%
1988David Williams
33.9%
Year Player % Correct
1960Jackie Parker
33.5%
1958Jackie Parker
33.5%
1957Jackie Parker
33.5%
1965George Reed
33%
1987Tom Clements
32.6%
1981Dieter Brock
31.2%
1980Dieter Brock
31.2%
1978Tony Gabriel
28.4%
1985Mervyn Fernandez
25.2%
1954Sam Etcheverry
23.9%
1982Condredge Holloway
22.9%
1974Tom Wilkinson
22.9%
1979David Green
18.8%
1972Garney Henley
14.2%
1956Hal Patterson
14.2%
1961Bernie Faloney
13.8%
1971Don Jonas
12.8%
1984Willard Reaves
12.4%
1986James Murphy
11.9%
1967Peter Liske
10.6%
1977Jimmy Edwards
10.1%
1968Bill Symons
9.6%
1975Willie Burden
8.3%
1959Johnny Bright
7.8%
1962George Dixon
5.5%
1973George McGowan
4.6%
1953Billy Vessels
3.2%
1964Lovell Coleman
2.8%
1955Pat Abbruzzi
2.8%

You're not logged in!

Compare scores with friends on all Sporcle quizzes.
OR
Log In

You Might Also Like...

Show Comments

Extras

Top Quizzes Today


Score Distribution

Your Account Isn't Verified!

In order to create a playlist on Sporcle, you need to verify the email address you used during registration. Go to your Sporcle Settings to finish the process.

Report this User

Report this user for behavior that violates our Community Guidelines.

Details: